[Event "3rd ch-GER Internet Blitz Candidates"]
[Site "playchess INT"]
[Date "2005.04.02"]
[Round "15"]
[White "Buscher,M"]
[Black "Womacka,M"]
[Result "1/2-1/2"]
[WhiteElo "2305"]
[BlackElo "2436"]

1.e4 c5 2.Nf3 d6 3.Bb5+ Nd7 4.O-O a6 5.Bxd7+ Bxd7 6.c3 e6 7.d4 Ne7 8.Re1 Ng6
9.e5 dxe5 10.dxe5 Be7 11.Nbd2 O-O 12.Qe2 Bc6 13.Ne4 Qd5 14.c4 Qxe4 15.Qxe4 Bxe4
16.Rxe4 Rfd8 17.Bd2 b5 18.Kf1 Rab8 19.b3 Kf8 20.g3 Ke8 21.Rc1 Nf8 22.h4 h5
23.Bg5 Nd7 24.Re2 Rbc8 25.Bxe7 Kxe7 26.Ng5 Nb6 27.cxb5 axb5 28.Ne4 Rd5 29.Nd6 Rb8
30.Nxb5 Nd7 31.Nc3 Rxe5 32.Rxe5 Nxe5 33.Na4 c4 34.f4 cxb3 35.fxe5 bxa2 36.Nc3 Rb2
37.Ra1 Rb3 38.Nxa2 Ra3 39.Kf2 f6 40.exf6+ gxf6 41.Ke2 f5 42.Kd2 Kf6 43.Ke2 e5
44.Kf2 e4 45.Kg2 Ke5 46.Kf2  1/2-1/2

[Event "ch-VIE Prelim"]
[Site "Hue VIE"]
[Date "2005.04.05"]
[Round "4"]
[White "Hoang Canh,H"]
[Black "Le Quang Liem"]
[Result "1/2-1/2"]
[WhiteElo "2145"]
[BlackElo "2349"]

1.e4 c5 2.Nf3 d6 3.Bb5+ Bd7 4.Bxd7+ Qxd7 5.O-O g6 6.c3 Nf6 7.Re1 Bg7 8.d4 O-O
9.Nbd2 cxd4 10.cxd4 Nc6 11.a3 a5 12.d5 Nb8 13.Rb1 Rc8 14.b3 Na6 15.Bb2 Nc5
16.Qe2 Qd8 17.h3 Nfd7 18.Bxg7 Kxg7 19.Nd4 Qb6 20.N2f3 Nf6 21.e5 Nxd5 22.exd6 Qxd6
23.Qd2 Qf6 24.Re5 e6 25.Rbe1 Kg8 26.h4 h5 27.b4 axb4 28.axb4 Nd7 29.Rg5 Nf8
30.Rg3 Qf4 31.Qxf4 Nxf4 32.Ne5 Rd8 33.Nb5 f6 34.Nc4 e5 35.Rb3 Ra2 36.Ncd6 Rd7
37.Rf3 Ra6 38.g3 Nd5 39.Ne4 Rb6 40.Nbc3 Kg7 41.Nc5 Rdd6 42.N5e4 Rd7 43.Nc5 Rdd6
44.N5e4 Rd7  1/2-1/2

[Event "FSIM April"]
[Site "Budapest HUN"]
[Date "2005.04.06"]
[Round "5"]
[White "Radnai,A"]
[Black "Kahn,E"]
[Result "0-1"]
[WhiteElo "2191"]
[BlackElo "2293"]

1.e4 c5 2.Nf3 d6 3.Bb5+ Nd7 4.d4 cxd4 5.Qxd4 a6 6.Bc4 e6 7.a4 Qc7 8.O-O Be7
9.Na3 Ngf6 10.Re1 O-O 11.Bd3 b6 12.Qc4 Qb8 13.b4 Bb7 14.Qb3 d5 15.exd5 Bxd5
16.c4 Bxf3 17.gxf3 a5 18.b5 Bd6 19.h3 Bc5 20.Be3 Ne5 21.Be2 Bxe3 22.fxe3 Ng6
23.f4 e5 24.f5 e4 25.fxg6 Qg3+ 26.Kh1 Qxh3+ 27.Kg1 fxg6 28.Rf1 Ng4 29.Bxg4 Qxg4+
30.Kh1 Qh3+ 31.Kg1 Qg3+ 32.Kh1 Qh3+ 33.Kg1 Rf3 34.Rxf3 exf3 35.c5+ Kh8 36.Ra2 Rf8
37.Rf2 Rf5 38.Qd5 Rxd5  0-1

[Event "ch-RUS u18"]
[Site "Nojabrsk RUS"]
[Date "2005.04.06"]
[Round "1"]
[White "Krutko,A"]
[Black "Musaev,M"]
[Result "1-0"]
[WhiteElo "2358"]
[BlackElo "2192"]

1.e4 c5 2.Nf3 d6 3.Bb5+ Bd7 4.Bxd7+ Nxd7 5.O-O Ngf6 6.Qe2 e6 7.b3 Be7 8.c4 e5
9.Nc3 O-O 10.d3 Nb8 11.Bg5 Ne8 12.Bd2 Nc6 13.a3 a5 14.Nd5 Nc7 15.Rfc1 Ne6
16.Be3 g6 17.Rab1 f5 18.exf5 gxf5 19.Bh6 Rf7 20.b4 Ncd4 21.Nxd4 Nxd4 22.Qh5 axb4
23.axb4 Ra2 24.Nc3 Ra7 25.bxc5 dxc5 26.Nd5 Bf6 27.Re1 Ra6 28.f4 Re6 29.fxe5 Bxe5
30.Kh1 Bg7 31.Rxe6 Nxe6 32.Re1 Nd4 33.Bg5 Qd7 34.Ne7+ Kf8 35.Qxh7 Ke8 36.Qg8+ Bf8
37.Ng6+ Ne6 38.Nxf8 Rg7 39.Rxe6+  1-0

[Event "7th Open"]
[Site "Dubai UAE"]
[Date "2005.04.07"]
[Round "4"]
[White "Xu Yuhua"]
[Black "Georgiev,Ki"]
[Result "0-1"]
[WhiteElo "2478"]
[BlackElo "2666"]

1.e4 c5 2.Nf3 d6 3.Bb5+ Nc6 4.O-O Bd7 5.Re1 a6 6.Bxc6 Bxc6 7.d4 cxd4 8.Nxd4 e6
9.Nc3 Nf6 10.Bg5 Be7 11.Qd3 O-O 12.Rad1 Rc8 13.Qh3 Qa5 14.f4 Bd7 15.Kh1 h6
16.Nb3 Qc7 17.Bxf6 Bxf6 18.e5 dxe5 19.fxe5 Be7 20.Rd3 Rfd8 21.Qg3 Bc6 22.Nd4 b5
23.Ne4 Bxe4 24.Rxe4 Rd5 25.a3 a5 26.c3 b4 27.axb4 axb4 28.c4 Qxc4 29.Nf5 Qc1+
30.Re1 Bg5 31.Rxd5 exd5 32.h4 Qxe1+ 33.Qxe1 Rc1 34.Qg1 Rxg1+ 35.Kxg1 Bc1
36.b3 Kf8 37.Kf1 g6 38.Nd4 Bb2 39.Nc6 Bc3 40.Ke2 Ke8 41.g4 Kd7 42.Nb8+ Kc7
43.Na6+ Kb6 44.Nb8 Kb5 45.Nd7 Kc6 46.Nb8+ Kc5 47.Nd7+ Kd4 48.e6 fxe6 49.Nf8 Ke4
50.Nxg6 Bf6 51.h5 e5 52.Nf8 d4 53.Nd7 d3+ 54.Kd2 Bg5+ 55.Kd1 Kf4 56.Nb6 e4
57.Nd5+ Ke5 58.Nxb4 Kd4 59.Na2 e3 60.Nc1 Be7 61.g5 Bxg5 62.b4 Be7 63.b5 Bd8
64.Nb3+ Kc4 65.Nc1 Ba5  0-1

[Event "7th Open"]
[Site "Dubai UAE"]
[Date "2005.04.07"]
[Round "4"]
[White "Iordachescu,V"]
[Black "Sandipan,C"]
[Result "1/2-1/2"]
[WhiteElo "2609"]
[BlackElo "2558"]

1.e4 c5 2.Nf3 d6 3.Bb5+ Bd7 4.Bxd7+ Qxd7 5.O-O Nf6 6.Qe2 Nc6 7.c3 e6 8.d3 Be7
9.Nbd2 O-O 10.Rd1 b5 11.Nf1 b4 12.Ng3 bxc3 13.bxc3 Rab8 14.h4 Qc7 15.d4 cxd4
16.cxd4 Rfe8 17.Bg5 h6 18.Bxf6 Bxf6 19.Rac1 Qb6 20.Nh5 Be7 21.d5 exd5 22.exd5 Bf8
23.Qd2 Ne5 24.Nd4 Qb4 25.Qf4 Ng6 26.Qg3 Rbc8 27.Rb1 Qc4 28.Nf5 Re5 29.Nhxg7 Qf4
30.h5 Qxg3 31.Nxg3 Ne7 32.f4 Rxd5 33.Rxd5 Nxd5 34.N7f5 Nxf4 35.Rb4 Ne6 36.Ne4 d5
37.Nf6+ Kh8 38.Rb7 Rc1+ 39.Kh2 Rc7 40.Rxc7 Nxc7 41.Ng4 Kh7 42.Nf6+ Kh8 43.Ng4 Kh7
44.Nf6+  1/2-1/2

[Event "ch-RUS u18"]
[Site "Nojabrsk RUS"]
[Date "2005.04.07"]
[Round "2"]
[White "Bratkovskiy,D"]
[Black "Askarov,M"]
[Result "0-1"]
[WhiteElo "2224"]
[BlackElo "2455"]

1.e4 c5 2.Nf3 d6 3.Bb5+ Bd7 4.Bxd7+ Qxd7 5.O-O Nc6 6.c3 Nf6 7.Re1 e6 8.d4 cxd4
9.cxd4 d5 10.e5 Ne4 11.Nbd2 Nxd2 12.Bxd2 Be7 13.a3 O-O 14.b4 b5 15.Bc3 a5
16.Qd2 axb4 17.axb4 Ra4 18.Rxa4 bxa4 19.b5 Na7 20.b6 Nc6 21.Rb1 Rb8 22.Ne1 a3
23.Nd3 Qd8 24.Ba5 Ra8 25.Bc3 a2 26.Ra1 Qxb6 27.Nc1 Qb1 28.Qb2 Qxb2 29.Bxb2 Nb4
30.Kf1 Bg5 31.Bc3 Bxc1 32.Rxc1 g5 33.Ke2  0-1

[Event "7th Open"]
[Site "Dubai UAE"]
[Date "2005.04.08"]
[Round "5"]
[White "Mari Arul,S"]
[Black "Zhao Xue"]
[Result "1/2-1/2"]
[WhiteElo "2286"]
[BlackElo "2478"]

1.e4 c5 2.Nf3 d6 3.Bb5+ Nc6 4.O-O Bd7 5.c3 a6 6.Bxc6 Bxc6 7.Re1 Nf6 8.d4 Bxe4
9.Bg5 d5 10.Nbd2 Bxf3 11.Qxf3 e6 12.Bxf6 Qxf6 13.Qxd5 Qe7 14.Qe4 cxd4 15.cxd4 Rd8
16.Rac1 Qd7 17.Nf3 Bb4 18.Re3 Be7 19.Rec3 Bf6 20.Rc7 Qa4 21.Qxb7 O-O 22.a3 h6
23.R7c4 Qa5 24.Rc5 Qa4 25.R5c4 Qa5 26.Rc5 Qa4 27.R5c4 Qa5 28.Rc5 Qa4  1/2-1/2

[Event "4NCL"]
[Site "Nottingham ENG"]
[Date "2005.04.09"]
[Round "7"]
[White "Gormally,D"]
[Black "Hennigan,M"]
[Result "1-0"]
[WhiteElo "2472"]
[BlackElo "2408"]

1.e4 c5 2.Nf3 d6 3.Bb5+ Nc6 4.c3 Nf6 5.Qe2 e5 6.O-O Be7 7.d4 cxd4 8.cxd4 exd4
9.Nxd4 Bd7 10.Bxc6 bxc6 11.Nc3 O-O 12.Bf4 Re8 13.Rad1 d5 14.exd5 Nxd5 15.Nxd5 cxd5
16.Qf3 Bf6 17.Be3 Qa5 18.a3 Re4 19.Nf5 Be6 20.Nd6 Ra4 21.Nb7 Qc7 22.Nc5 Rc4
23.Rxd5 Rb8 24.Nxe6 fxe6 25.Rh5 Bxb2 26.Qh3 Bxa3 27.Rxh7 Rb5 28.Rh8+ Kf7
29.Ra8 Ra4 30.Rd1 Be7 31.Qh8 Qd7 32.Qg8+ Kg6 33.Rf1 Rd5 34.h4 Rxh4 35.Rxa7 Qd6
36.g3 Rh3 37.Qe8+ Kf6 38.Ra4 e5 39.Rc4 Qe6 40.Rc6 Rd6 41.Rxd6 Qxd6 42.Rc1 Kf5
43.g4+ Kxg4 44.Qc8+  1-0

[Event "ch-CUB GpA"]
[Site "Santa Clara CUB"]
[Date "2005.04.09"]
[Round "3"]
[White "Sieiro Gonzalez,L"]
[Black "Abreu,A"]
[Result "1/2-1/2"]
[WhiteElo "2395"]
[BlackElo "2440"]

1.e4 c5 2.Nf3 d6 3.Bb5+ Bd7 4.Bxd7+ Qxd7 5.O-O Nf6 6.Qe2 Nc6 7.c3 e6 8.d4 cxd4
9.cxd4 d5 10.e5 Ne4 11.Be3 Be7 12.Ne1 f5 13.f3 Ng5 14.Nd3 O-O 15.Nc3 Rfc8
16.Rac1 b6 17.Rfd1 Na5 18.b3  1/2-1/2

[Event "7th Open"]
[Site "Dubai UAE"]
[Date "2005.04.10"]
[Round "7"]
[White "Kayumov,S"]
[Black "Kuzubov,Y"]
[Result "1-0"]
[WhiteElo "2400"]
[BlackElo "2558"]

1.e4 c5 2.Nf3 d6 3.Bb5+ Bd7 4.Bxd7+ Qxd7 5.O-O Nc6 6.c3 Nf6 7.d3 e6 8.Qe2 Be7
9.Ng5 h6 10.Nh3 d5 11.e5 Nh7 12.Re1 O-O-O 13.a3 f6 14.exf6 Bxf6 15.b4 e5
16.bxc5 g5 17.f3 Be7 18.Be3 d4 19.cxd4 Nxd4 20.Qd1 Nf5 21.Bf2 h5 22.Nc3 g4
23.c6 Qxd3 24.Qb3 b5 25.Qe6+ Kc7 26.Rad1 Rd6 27.Qb3  1-0

[Event "4NCL"]
[Site "Nottingham ENG"]
[Date "2005.04.10"]
[Round "8"]
[White "Wall,G"]
[Black "Chandler,M"]
[Result "0-1"]
[WhiteElo "2368"]
[BlackElo "2544"]

1.e4 c5 2.Nf3 d6 3.Bb5+ Bd7 4.a4 Nf6 5.d3 Nc6 6.O-O g6 7.Nbd2 Bg7 8.Nc4 O-O
9.Re1 d5 10.exd5 Nxd5 11.c3 Qc7 12.a5 Rad8 13.Qb3 Bf5 14.a6 bxa6 15.Rxa6 Nb8
16.Ra2 Bxd3 17.Na3 Qb7 18.Qa4 Nb6 19.Qh4 f6 20.Be3 Bxb5 21.Nxb5 a6 22.Na3 Qd5
23.Rea1 Qxa2  0-1

[Event "Bundesliga 2004-5"]
[Site "Tegernsee GER"]
[Date "2005.04.10"]
[Round "15"]
[White "Souleidis,G"]
[Black "Haas,W"]
[Result "1-0"]
[WhiteElo "2417"]
[BlackElo "2181"]

1.e4 c5 2.Nf3 d6 3.Bb5+ Bd7 4.Bxd7+ Qxd7 5.O-O Nc6 6.c3 Nf6 7.Qe2 e5 8.d4 Be7
9.dxc5 dxc5 10.Bg5 O-O 11.Bxf6 Bxf6 12.Na3 Rfd8 13.Rfd1 Qe6 14.Nc4 g6 15.Ne3 Rxd1+
16.Rxd1 Qxa2 17.Qb5 Rb8 18.g3 a6 19.Qb6 Qa4 20.c4 Qb4 21.Qxb4 cxb4 22.Rd7 h6
23.c5 a5 24.b3 Bg7 25.Nc4 a4 26.bxa4 f5 27.Nh4 fxe4 28.Nxg6 e3 29.fxe3 e4
30.Nd2 Na5 31.Ne7+ Kf8 32.Nf5 Ba1 33.Nd4 Rc8 34.N4b3 Nxb3 35.Nxb3 Bc3 36.Rxb7 Rd8
37.a5 Rd1+ 38.Kg2 Rb1 39.c6 Ke8 40.Rb8+ Ke7 41.c7  1-0

[Event "7th Open"]
[Site "Dubai UAE"]
[Date "2005.04.12"]
[Round "9"]
[White "Gurieli,N"]
[Black "Mariano,N1"]
[Result "1/2-1/2"]
[WhiteElo "2348"]
[BlackElo "2468"]

1.e4 c5 2.Nf3 d6 3.Bb5+ Bd7 4.Bxd7+ Qxd7 5.O-O Nc6 6.d4 cxd4 7.Nxd4 Nf6 8.Nc3 g6
9.h3 Bg7 10.Be3 O-O  1/2-1/2

[Event "ch-VIE Places"]
[Site "Hue VIE"]
[Date "2005.04.12"]
[Round "1.2"]
[White "Hoang Canh,H"]
[Black "Pham Chuong"]
[Result "1/2-1/2"]
[WhiteElo "2145"]
[BlackElo "2313"]

1.e4 c5 2.Nf3 d6 3.Bb5+ Bd7 4.Bxd7+ Qxd7 5.O-O Nc6 6.c3 Nf6 7.Re1 g6 8.d4 cxd4
9.cxd4 d5 10.e5 Ne4 11.Nbd2 Nxd2 12.Bxd2 Bg7 13.b4 O-O 14.a4 Nd8 15.Qb3 Ne6
16.b5 Rfc8 17.Rac1 Bf8 18.h3 Qd8 19.Kh1 Qd7 20.Kg1  1/2-1/2

[Event "GMB"]
[Site "Gausdal NOR"]
[Date "2005.04.14"]
[Round "2"]
[White "Greet,A"]
[Black "Sebag,M"]
[Result "1-0"]
[WhiteElo "2403"]
[BlackElo "2417"]

1.e4 c5 2.Nf3 d6 3.Bb5+ Nd7 4.d4 Nf6 5.Nc3 cxd4 6.Qxd4 e5 7.Qd3 h6 8.Be3 Be7
9.Bc4 a6 10.a4 O-O 11.O-O Qc7 12.Nh4 Nc5 13.Bxc5 dxc5 14.Nf5 Bxf5 15.exf5 Rad8
16.Nd5 e4 17.Qb3 Nxd5 18.Bxd5 Qe5 19.c4 Bd6 20.g3 Qxf5 21.Rae1 Be5 22.Qxb7 Qf6
23.Rxe4 Rb8 24.Qa7 Qd6 25.Rfe1 Bd4 26.Re7 Rxb2 27.Rxf7 Kh8 28.Kh1 Rxf2 29.Rxf2 Bxf2
30.Re6 Qd8 31.Qxa6 Qg5 32.Qd6 Rd8 33.Qf4 Qxf4 34.gxf4 Rf8 35.f5 g5 36.a5 Rb8
37.a6 Rb1+ 38.Kg2 Bd4 39.a7 Rg1+ 40.Kf3  1-0

[Event "ch-RUS u18"]
[Site "Nojabrsk RUS"]
[Date "2005.04.14"]
[Round "9"]
[White "Papin,V"]
[Black "Musaev,M"]
[Result "1/2-1/2"]
[WhiteElo "2440"]
[BlackElo "2192"]

1.e4 c5 2.Nf3 d6 3.Bb5+ Bd7 4.Bxd7+ Qxd7 5.O-O Nc6 6.c3 Nf6 7.d4 Nxe4 8.d5 Ne5
9.Re1 Nf6 10.Nxe5 dxe5 11.Rxe5 e6 12.c4 O-O-O 13.Nc3 Bd6 14.Re1 exd5 15.Nxd5 Nxd5
16.cxd5 Bc7 17.Be3 Qxd5 18.Qa4 Kb8 19.b4 Qd7 20.Qxd7 Rxd7 21.bxc5 f5 22.Rab1 Rd5
23.g3 h6 24.Rb3 Rhd8 25.Re2 g5 26.f3 Rd3 27.Rb4 f4 28.gxf4 gxf4 29.Bxf4 Rxf3
30.Bxc7+ Kxc7  1/2-1/2

[Event "ch-RUS u18"]
[Site "Nojabrsk RUS"]
[Date "2005.04.14"]
[Round "9"]
[White "Garakov,M"]
[Black "Uzhva,A"]
[Result "1/2-1/2"]
[WhiteElo "2359"]
[BlackElo "2247"]

1.e4 c5 2.Nf3 d6 3.Bb5+ Bd7 4.Bxd7+ Qxd7 5.O-O Nc6 6.c3 Nf6 7.d4 cxd4 8.cxd4 d5
9.e5 Ne4 10.Ne1 h6 11.f3 Ng5 12.Nc3 e6 13.Be3 Be7 14.Rc1 O-O  1/2-1/2

[Event "CES"]
[Site "Northeim GER"]
[Date "2005.04.15"]
[Round "4"]
[White "Baklan,V"]
[Black "Ivanov,MM"]
[Result "1-0"]
[WhiteElo "2584"]
[BlackElo "2418"]

1.e4 c5 2.Nf3 d6 3.Bb5+ Bd7 4.Bxd7+ Qxd7 5.O-O Nc6 6.c3 Nf6 7.Qe2 e6 8.d4 cxd4
9.cxd4 d5 10.e5 Ng8 11.Nc3 Nge7 12.Rd1 Nf5 13.g4 Nfe7 14.Bf4 h5 15.h3 Ng6
16.Bg3 hxg4 17.hxg4 O-O-O 18.Rac1 Kb8 19.Ng5 Ka8 20.Qf3 Be7 21.Nxf7 Rdf8
22.Qd3 Nf4 23.Bxf4 Rxf7 24.Be3 Bb4 25.Ne2 Qd8 26.g5 Ne7 27.Ng3 Nf5 28.Nxf5 Rxf5
29.Kg2 Be7 30.f4 Qe8 31.Rh1 Rhf8 32.Rh3 Qg6 33.Qe2 a6 34.Qh5 Rxg5+ 35.fxg5 Qe4+
36.Kg1 g6 37.Qh4 Qd3 38.Qg4  1-0

[Event "GMB"]
[Site "Gausdal NOR"]
[Date "2005.04.16"]
[Round "4"]
[White "Greet,A"]
[Black "Barkhagen,J"]
[Result "1/2-1/2"]
[WhiteElo "2403"]
[BlackElo "2461"]

1.e4 c5 2.Nf3 d6 3.Bb5+ Bd7 4.Bxd7+ Qxd7 5.c4 g6 6.d4 Bg7 7.d5 b5 8.O-O bxc4
9.Nc3 Qb7 10.Nd2 Nf6 11.Nxc4 O-O 12.Qe2 Nbd7 13.Bf4 Qa6 14.Rfe1 Nb6 15.Ne3 Qxe2
16.Rxe2 Rfb8 17.Rc1 Nfd7 18.Bg5 Kf8 19.f4 Rb7 20.Rec2 Bd4 21.Kf1 Nf6 22.Ned1 Nc4
23.Bxf6 exf6 24.Nb5 Rxb5 25.Rxc4 Rab8 26.b3 Re8 27.Ra4 a5 28.Nf2 Rb4 29.Rxa5 c4
30.Ra4 Rxa4 31.bxa4 Ra8 32.Rc2 Rxa4 33.Nd1 Ke7 34.Ke2 Ra3 35.Kd2 f5 36.exf5 gxf5
37.Ke2 Kd7 38.Rd2 Bg1 39.h3 Bc5 40.Rc2 Bd4 41.Rd2 Bc5 42.Rc2 Bd4  1/2-1/2

[Event "CES"]
[Site "Northeim GER"]
[Date "2005.04.16"]
[Round "6"]
[White "Baklan,V"]
[Black "Gutman,L"]
[Result "1-0"]
[WhiteElo "2584"]
[BlackElo "2469"]

1.e4 c5 2.Nf3 d6 3.Bb5+ Nc6 4.Bxc6+ bxc6 5.e5 Bg4 6.h3 Bh5 7.Nc3 f6 8.exd6 e5
9.d7+ Qxd7 10.d3 c4 11.Nxe5 Qf5 12.Nf3 O-O-O 13.g4 Qe6+ 14.Qe2 Bf7 15.Be3 Bb4
16.O-O-O Bxc3 17.bxc3 Ne7 18.dxc4 Qxc4 19.Qxc4 Bxc4 20.Nd2 Bd5 21.Rhe1 Rd7
22.c4 Bf7 23.Ne4 Rhd8 24.Rxd7 Rxd7 25.Bf4 Ng6 26.Bg3 Ne5 27.Bxe5 fxe5 28.Nd2 Kc7
29.Rxe5 Kb6 30.f4 g6 31.Re4 Ka5 32.Nf3 Ka4 33.Ne5 Re7 34.Re3 Rc7 35.Rb3 Be6
36.Kb2 Ka5 37.Rb8 Bc8 38.h4 Ka4 39.Rb3 h5 40.g5 Bf5 41.Rb8 c5 42.Rb5 Be4
43.Kc3 Rc8 44.Nd7  1-0

[Event "GMB"]
[Site "Gausdal NOR"]
[Date "2005.04.20"]
[Round "8"]
[White "Sebag,M"]
[Black "Ward,C"]
[Result "0-1"]
[WhiteElo "2417"]
[BlackElo "2485"]

1.e4 c5 2.Nf3 d6 3.Bb5+ Bd7 4.Bxd7+ Qxd7 5.O-O Nc6 6.c3 Nf6 7.d4 Nxe4 8.d5 Ne5
9.Nxe5 dxe5 10.Re1 Nf6 11.c4 O-O-O 12.Nc3 e6 13.Bg5 h6 14.Bh4 Be7 15.Bg3 exd5
16.cxd5 Nxd5 17.Nxd5 Qxd5 18.Qa4 f6 19.Qxa7 Qc6 20.Rac1 g5 21.Qa8+ Kd7 22.Qa3 Ke6
23.Qb3+ Qd5 24.Qa4 Kf7 25.Rcd1 Qc6 26.Qb3+ Kg7 27.h4 c4 28.Qc2 Rxd1 29.Rxd1 Rd8
30.Re1 Qd5 31.Qf5 Qd3 32.Qe6 Kf8 33.Re3 Qb1+ 34.Kh2 Rd1 35.Bxe5 Rh1+ 36.Kg3 gxh4+
37.Kg4 Qg6+ 38.Kf3 Qh5+ 39.Ke4 Qxe5+ 40.Qxe5 fxe5 41.Kxe5 Rd1 42.b3 Rg1 43.bxc4 Rxg2
44.Ke6 Rxf2 45.a4 b6 46.Kd5 Rf5+ 47.Kc6 Bc5 48.Rh3 Rh5  0-1

[Event "Torch Real Estate Cup"]
[Site "Jinan CHN"]
[Date "2005.04.20"]
[Round "1"]
[White "Xu Yang"]
[Black "Zhao Xue"]
[Result "1/2-1/2"]
[WhiteElo "2366"]
[BlackElo "2478"]

1.e4 c5 2.Nf3 d6 3.Bb5+ Nc6 4.d4 cxd4 5.Qxd4 Bd7 6.Bxc6 Bxc6 7.Nc3 Nf6 8.Bg5 e6
9.O-O-O Be7 10.Rhe1 O-O 11.e5 dxe5 12.Nxe5 Qa5 13.Nxc6 bxc6 14.Qe5 Qa6 15.Rd4 Rab8
16.Qc7 Rb7 17.Ra4 Qb6 18.Qxb6 axb6 19.Ne4 Nd5 20.Bxe7 Rxe7 21.Ra6 Rb8 22.a3 Kf8
23.g3 Reb7 24.Nd6 Rd7 25.Nc4 c5 26.Ne5 Rc7 27.f4 f6 28.Nf3 Kf7 29.Nd2 Rcb7
30.Ra4 Rd7 31.Rae4 Nc7 32.Nc4 b5 33.Ne3 Rbd8 34.Rd1 Ne8 35.Rxd7+ Rxd7 36.Nf1 Nd6
37.Re2 h5 38.Nd2 Nf5 39.Ne4 Rc7 40.c3 Ke7 41.Kc2 e5 42.fxe5 fxe5 43.Kb3 Ke6
44.a4 c4+ 45.Kb4 bxa4 46.Nc5+ Kd5 47.Rd2+ Kc6 48.Ne4 Rb7+ 49.Kxc4 Ne3+ 50.Kd3 Nd5
51.Kc2 Rf7 52.c4 Nf6 53.Nxf6 Rxf6 54.Rd5 Rf2+ 55.Kc3 Rxh2 56.Rxe5 Rh3 57.Kb4 Rxg3
58.Rxh5 Rb3+ 59.Kxa4 Rxb2 60.Rg5 Rb7  1/2-1/2

[Event "Torch Real Estate Cup"]
[Site "Jinan CHN"]
[Date "2005.04.20"]
[Round "1"]
[White "Zhao Lan"]
[Black "Peng Zhaoqin"]
[Result "0-1"]
[WhiteElo "2187"]
[BlackElo "2392"]

1.e4 c5 2.Nf3 d6 3.Bb5+ Nd7 4.O-O Nf6 5.Re1 a6 6.Bf1 b6 7.c3 Bb7 8.d3 e5
9.Nbd2 Be7 10.b3 O-O 11.Bb2 Re8 12.d4 Bf8 13.d5 g6 14.a4 Bh6 15.g3 Nh5 16.Nc4 Qc7
17.Bc1 Bxc1 18.Qxc1 Kg7 19.Nh4 h6 20.Ne3 Rh8 21.Bh3 Ndf6 22.Ng4 Bc8 23.Nxf6 Nxf6
24.Bxc8 Qxc8 25.Kg2 Qg4 26.f3 Qd7 27.c4 Nh5 28.Qd1 b5 29.axb5 axb5 30.Qe2 Rhb8
31.Reb1 bxc4 32.bxc4 Rxb1 33.Rxb1 Ra3 34.Rb2 Qa4 35.Rc2 Nf6 36.Kf2 Ra1 37.Ng2 Rh1
38.Ra2 Qb3 39.Rb2  0-1

[Event "Torch Real Estate Cup"]
[Site "Jinan CHN"]
[Date "2005.04.21"]
[Round "2"]
[White "Yu Shaoteng"]
[Black "Tong Yuanming"]
[Result "1-0"]
[WhiteElo "2506"]
[BlackElo "2510"]

1.e4 c5 2.Nf3 d6 3.Bb5+ Bd7 4.Bxd7+ Qxd7 5.O-O Nf6 6.Re1 Nc6 7.c3 e6 8.d3 Ne5
9.Ng5 h6 10.Nh3 c4 11.d4 Nd3 12.Re2 e5 13.f3 Nxc1 14.Qxc1 Be7 15.Nd2 O-O
16.Qc2 b5 17.Rd1 Qc7 18.Nf1 Rfe8 19.Ne3 Bf8 20.Nf2 h5 21.g4 hxg4 22.Nfxg4 Nxg4
23.Nxg4 Re6 24.Rg2 Be7 25.Ne3 Qd8 26.Nd5 Bg5 27.Rg4 Bh6 28.Qg2 Rb8 29.Kh1 Qf8
30.Rg1 a5 31.Qh3 g6 32.Rh4 Bg7 33.Rh7 Qc8 34.Ne3 Rf6 35.Ng4 Rf4 36.Nh6+ Kf8
37.Nf5 Rxf5 38.exf5 exd4 39.f6 Bxf6 40.Qh6+ Ke7 41.Re1+ Be5 42.Qxg6  1-0

[Event "2nd Open"]
[Site "Porto Carras GRE"]
[Date "2005.04.22"]
[Round "1"]
[White "Sanduleac,V"]
[Black "Pavlidis,Ana"]
[Result "1/2-1/2"]
[WhiteElo "2482"]
[BlackElo "2044"]

1.e4 c5 2.Nf3 d6 3.Bb5+ Nc6 4.d4 cxd4 5.Qxd4 Bd7 6.Bxc6 Bxc6 7.Nc3 Nf6 8.Bg5 e6
9.O-O-O Be7 10.Qd3 O-O 11.h4 Rc8 12.Nd4 Ng4 13.Bxe7 Qxe7 14.Qe2 h5 15.f3 Ne5
16.g4 hxg4 17.f4 Nf3 18.Nxf3 gxf3 19.Qxf3 f5 20.Qe3 fxe4 21.Nxe4 Bxe4 22.Qxe4 d5
23.Rxd5 Rxf4 24.Qxf4 exd5 25.Qd2 Qe4 26.Rd1 d4 27.h5 b6 28.Kb1 Rc5 29.a3 Rxh5
30.Qxd4 Qxd4 31.Rxd4  1/2-1/2

[Event "Torch Real Estate Cup"]
[Site "Jinan CHN"]
[Date "2005.04.23"]
[Round "4"]
[White "Skripchenko,A"]
[Black "An Zhixiao"]
[Result "1-0"]
[WhiteElo "2453"]
[BlackElo "2141"]

1.e4 c5 2.Nf3 d6 3.Bb5+ Bd7 4.Bxd7+ Qxd7 5.O-O Nc6 6.c4 Nf6 7.Nc3 e6 8.d4 cxd4
9.Nxd4 Be7 10.Be3 O-O 11.Qe2 Rac8 12.Rfd1 Rfd8 13.f4 Qc7 14.b3 Qb8 15.Rac1 Bf8
16.Kh1 b6 17.Rc2 Qb7 18.Rcd2 Rd7 19.Nc2 Rcd8 20.Bf2 Qc8 21.Rd3 Re8 22.Bh4 Be7
23.Bxf6 Bxf6 24.e5 Be7 25.exd6 Bf8 26.Ne4 Na5 27.Qh5 h6 28.Rg3 Kh8 29.Ne3 Qd8
30.Ng4 f5 31.Ngf6 gxf6 32.Nxf6 Qxf6 33.Qxe8 Rxd6 34.Re1 Rd8 35.Qh5 Kh7 36.Rge3 Rd6
37.Qe2 Qd4 38.g3 Qc5 39.Qf3 Qc8 40.g4 Nc6 41.gxf5 Nd4 42.Qh5 Nxf5 43.Rxe6 Qc6+
44.R6e4 Nd4 45.Qe8 Qxe8 46.Rxe8 Bg7 47.R8e7 a5 48.Rd1 Kh8 49.Rc7 Kg8 50.Rd3 Rd8
51.Kg2 Kf8 52.Kh3 Ne6 53.Rxd8+ Nxd8 54.Kg4 Nf7 55.Kf5 Bd4 56.Rd7 Be3 57.Ke6 Nh8
58.f5  1-0

[Event "Torch Real Estate Cup"]
[Site "Jinan CHN"]
[Date "2005.04.23"]
[Round "4"]
[White "Luo Wei"]
[Black "Wu Xibin"]
[Result "1-0"]
[WhiteElo "2302"]
[BlackElo "2390"]

1.e4 c5 2.Nf3 d6 3.Bb5+ Bd7 4.Bxd7+ Qxd7 5.O-O Nc6 6.c3 Nf6 7.d4 Nxe4 8.d5 Ne5
9.Re1 Nxf3+ 10.Qxf3 Nf6 11.Na3 e5 12.dxe6 fxe6 13.Bg5 Be7 14.Nc4 O-O-O 15.Rad1 h6
16.Bh4 d5 17.Qh3 Rhe8 18.Ne5 Qa4 19.b3 Qxa2 20.Qxe6+ Kc7 21.Qf7 Kb6 22.Bxf6 Bxf6
23.Nd7+ Rxd7 24.Qxe8 Rd6 25.Rxd5 Rc6 26.Rd7 Bxc3 27.Rxb7+ Kxb7 28.Re7+ Kb6
29.Qb8+ Ka5 30.Rxa7+ Ra6 31.Rxa6+ Kxa6 32.Qa8+  1-0

[Event "7th Rector Cup w"]
[Site "Kharkiv UKR"]
[Date "2005.04.23"]
[Round "4"]
[White "Vozovic,O"]
[Black "Sulejmanova,A"]
[Result "1/2-1/2"]
[WhiteElo "2288"]
[BlackElo "2241"]

1.e4 c5 2.Nf3 d6 3.Bb5+ Bd7 4.Bxd7+ Qxd7 5.d4 cxd4 6.Nxd4 Nf6 7.Nc3 g6 8.Bg5 Bg7
9.Qd2 h6 10.Bh4 Nc6 11.Nf3 Ng4 12.Rd1 Nge5 13.Nxe5 Nxe5 14.Qe2 Rc8 15.f4 Nc4
16.Nd5 Nxb2 17.Rd2 Nc4 18.Rd3 g5 19.fxg5 Ne5 20.Rb3 Ng6 21.gxh6 Rxh6 22.Bg5 Rh7
23.O-O Be5 24.h3 f6 25.Bxf6 exf6 26.Nxf6+ Bxf6 27.Rxf6 Ne5 28.Qd2 Rc6 29.Qg5 Rg7
30.Qh6 Kd8 31.Rxb7 Rxg2+ 32.Kxg2 Qxb7 33.Rxd6+ Rxd6 34.Qxd6+ Nd7 35.Qd4  1/2-1/2

[Event "Open"]
[Site "Metz FRA"]
[Date "2005.04.23"]
[Round "8"]
[White "Klinova,M"]
[Black "Bruned,B"]
[Result "1/2-1/2"]
[WhiteElo "2391"]
[BlackElo "2193"]

1.e4 c5 2.Nf3 d6 3.Bb5+ Bd7 4.Bxd7+ Qxd7 5.c4 Nf6 6.Nc3 Nc6 7.O-O g6 8.d3 Bg7
9.h3 O-O 10.Be3 e6 11.Qd2 a6 12.a4 Qc7 13.Rac1 Rad8 14.Rfd1 Nd7 15.Bh6 Nde5
16.Nh2 Nd4 17.Bxg7 Kxg7 18.Qe3 f5 19.f4 Nec6 20.Rf1 Rde8 21.Nf3 Qe7  1/2-1/2

[Event "7th Rector Cup"]
[Site "Kharkiv UKR"]
[Date "2005.04.24"]
[Round "5"]
[White "Zubarev,Al1"]
[Black "Aveskulov,V"]
[Result "1/2-1/2"]
[WhiteElo "2514"]
[BlackElo "2424"]

1.e4 c5 2.Nf3 d6 3.Bb5+ Nc6 4.d4 cxd4 5.Qxd4 Bd7 6.Bxc6 Bxc6 7.Nc3 Nf6 8.Bg5 e6
9.O-O-O Be7 10.Rhe1 O-O 11.Qd2 Qc7  1/2-1/2

[Event "Torch Real Estate Cup"]
[Site "Jinan CHN"]
[Date "2005.04.25"]
[Round "6"]
[White "Wu Kaiyu"]
[Black "Wang Zili"]
[Result "1/2-1/2"]
[WhiteElo "2294"]
[BlackElo "2501"]

1.e4 c5 2.Nf3 d6 3.Bb5+ Bd7 4.Bxd7+ Qxd7 5.c4 Nf6 6.Nc3 Nc6 7.O-O e6 8.d4 cxd4
9.Nxd4 Be7 10.Be3 O-O 11.h3 Rac8 12.b3 b6 13.Rc1 Qb7 14.Qd3 a6 15.f4 Rfe8
16.f5 Bf8 17.fxe6 fxe6 18.Nxc6 Qxc6 19.Bd4 Nd7 20.Qf3 Ne5 21.Qg3 b5 22.cxb5 Qb7
23.bxa6 Qxa6 24.Na4 Rxc1 25.Rxc1 Nc6 26.Bb2 Qa7+ 27.Kh1 Nb4 28.a3 Na6 29.Rc6 Nb8
30.Rc4 Nd7 31.Rc1 Qb7 32.Qe3 Ra8 33.Rc2 e5 34.b4 d5 35.Qb3 Kh8 36.exd5 Qb5
37.Nc3 Qf1+ 38.Kh2 Bd6 39.Ne4 Qf4+ 40.Ng3 e4 41.Bc1 Qe5 42.Rf2 Rf8 43.Rxf8+ Nxf8
44.Bd2 h5 45.h4 Ng6 46.Qc3 Qxd5 47.Be1 Nxh4 48.Kg1 Qg5 49.Qc8+ Kh7 50.Qh3 Qc1
51.Kf1 Qf4+ 52.Ke2 Be7 53.Qe6 Ng6 54.Qxe4 h4 55.Qxf4 Nxf4+ 56.Kf3 Nd3 57.Nf5 Nxe1+
58.Ke2 Bxb4 59.axb4 Nxg2 60.b5 Nf4+ 61.Kf3 Nd5 62.Nxh4 g5 63.Nf5 Kg6 64.Ne3 g4+
65.Nxg4 Kf5 66.Ne3+ Nxe3  1/2-1/2

[Event "ch-UKR w u20"]
[Site "Kharkiv UKR"]
[Date "2005.04.26"]
[Round "8"]
[White "Zdebskaja,N"]
[Black "Breslavska,G"]
[Result "1-0"]
[WhiteElo "2344"]
[BlackElo "2102"]

1.e4 c5 2.Nf3 d6 3.Bb5+ Bd7 4.Bxd7+ Qxd7 5.O-O Nc6 6.c3 Nf6 7.d4 e6 8.d5 Ne5
9.Nxe5 dxe5 10.c4 Nxe4 11.Re1 Nf6 12.Rxe5 Bd6 13.Re1 O-O 14.Bg5 exd5 15.Bxf6 gxf6
16.Qxd5 Qc7 17.Qh5 Kh8 18.Nc3 Rg8 19.Nd5 Qc6 20.Qxf7 Raf8 21.Qh5 Rg5 22.Qf3 Be5
23.h4 Rgg8 24.Re2 Qd7 25.Ne3 Qd4 26.Qh3 Qd3 27.Kf1 Qe4 28.Rc1 Rd8 29.Nd5 Qd4
30.b3 Rg4 31.Qf3 Rxh4 32.g3 Qg4 33.Qxg4 Rxg4 34.Kg2 Rg7 35.Kf3 b5 36.Ke4 b4
37.Rh1 a5 38.Rh5 Ra8 39.Kf5 Kg8 40.f4 Bd4 41.g4 Ra6 42.Re8+ Kf7 43.Rh8 a4
44.R8xh7 axb3 45.axb3 Ra3 46.Rxg7+ Kxg7 47.Nc7 Rxb3 48.Ne6+ Kf7 49.Rh7+ Ke8
50.Nxd4 cxd4 51.Kxf6 Rf3 52.f5 d3 53.Rh2 Rf4 54.g5 Rxc4 55.g6 Rc6+ 56.Kg5 Rc2
57.Rh8+ Kd7 58.Rh3 Rg2+ 59.Kf6 d2 60.Rd3+ Ke8 61.g7 b3 62.Rxd2  1-0